FUNDAMENTALS OF COMPUTER (Record no. 66234)
[ view plain ]
| 000 -LEADER | |
|---|---|
| fixed length control field | 00337nam a22001457a 4500 |
| 005 - DATE & TIME | |
| control field | 20250912165912.0 |
| 008 - FIXED-LENGTH DATA ELEMENTS--GENERAL INFORMATION | |
| fixed length control field | 250912b |||||||| |||| 00| 0 eng d |
| 040 ## - CATALOGING SOURCE | |
| Original cataloging agency | IIMT University College of Law |
| 100 ## - MAIN ENTRY--PERSONAL NAME | |
| Personal name | THAREJA, REEMA |
| 245 ## - TITLE STATEMENT | |
| Title | FUNDAMENTALS OF COMPUTER |
| 260 ## - PUBLICATION, DISTRIBUTION, ETC. (IMPRINT) | |
| Place of publication, distribution, etc | OXFORD PUB |
| 300 ## - PHYSICAL DESCRIPTION | |
| Pages | 287 |
| 650 ## - Subject | |
| Subject | FUNDAMENTALS OF COMPUTER |
| 942 ## - ADDED ENTRY ELEMENTS (KOHA) | |
| Koha item type | Book Bank |
| 952 ## - LOCATION AND ITEM INFORMATION (KOHA) | |
| -- | 2025-09-12 |
| 952 ## - LOCATION AND ITEM INFORMATION (KOHA) | |
| -- | 2025-09-12 |
| 952 ## - LOCATION AND ITEM INFORMATION (KOHA) | |
| -- | 2025-09-12 |
| 952 ## - LOCATION AND ITEM INFORMATION (KOHA) | |
| -- | 2025-09-12 |
| 952 ## - LOCATION AND ITEM INFORMATION (KOHA) | |
| -- | 2025-09-12 |
| 952 ## - LOCATION AND ITEM INFORMATION (KOHA) | |
| -- | 2025-09-12 |
| 952 ## - LOCATION AND ITEM INFORMATION (KOHA) | |
| -- | 2025-09-12 |
| 952 ## - LOCATION AND ITEM INFORMATION (KOHA) | |
| -- | 2025-09-12 |
| 952 ## - LOCATION AND ITEM INFORMATION (KOHA) | |
| -- | 2025-09-12 |
| 952 ## - LOCATION AND ITEM INFORMATION (KOHA) | |
| -- | 2025-09-12 |
| 952 ## - LOCATION AND ITEM INFORMATION (KOHA) | |
| -- | 2025-09-12 |
| Withdrawn status | Lost status | Source of classification or shelving scheme | Damaged status | Not for loan | Location (home branch) | Sublocation or collection (holding branch) | Date acquired | Source of Acquisition | Cost Normal purchase price | Koha issues (times borrowed) | Accession No. | Koha date last seen | Koha item type |
|---|---|---|---|---|---|---|---|---|---|---|---|---|---|
| IIMT University College of Law | IIMT University College of Law | 09/12/2025 | R LALL BOOK | 520.00 | 04-B-12540 | 09/12/2025 | Book Bank | ||||||
| IIMT University College of Law | IIMT University College of Law | 09/12/2025 | R LALL BOOK | 520.00 | 04-B-12541 | 09/12/2025 | Book Bank | ||||||
| IIMT University College of Law | IIMT University College of Law | 09/12/2025 | R LALL BOOK | 520.00 | 04-B-12542 | 09/12/2025 | Book Bank | ||||||
| IIMT University College of Law | IIMT University College of Law | 09/12/2025 | R LALL BOOK | 520.00 | 04-B-12543 | 09/12/2025 | Book Bank | ||||||
| IIMT University College of Law | IIMT University College of Law | 09/12/2025 | R LALL BOOK | 520.00 | 04-B-12544 | 09/12/2025 | Book Bank | ||||||
| IIMT University College of Law | IIMT University College of Law | 09/12/2025 | R LALL BOOK | 520.00 | 04-B-12545 | 09/12/2025 | Book Bank | ||||||
| IIMT University College of Law | IIMT University College of Law | 09/12/2025 | R LALL BOOK | 520.00 | 04-B-12546 | 09/12/2025 | Book Bank | ||||||
| IIMT University College of Law | IIMT University College of Law | 09/12/2025 | R LALL BOOK | 520.00 | 04-B-12547 | 09/12/2025 | Book Bank | ||||||
| IIMT University College of Law | IIMT University College of Law | 09/12/2025 | R LALL BOOK | 520.00 | 04-B-12548 | 09/12/2025 | Book Bank | ||||||
| IIMT University College of Law | IIMT University College of Law | 09/12/2025 | R LALL BOOK | 520.00 | 04-B-12549 | 09/12/2025 | Book Bank | ||||||
| IIMT University College of Law | IIMT University College of Law | 09/12/2025 | R LALL BOOK | 520.00 | 04-B-12550 | 09/12/2025 | Book Bank |

